A reneszánsz ember

Elmentve itt :
Bibliográfiai részletek
Szerző: Heller Ágnes
Adatforrás:Philobibl
Dokumentumtípus: Könyv
Nyelv:magyar
Kulcsszavak:eszmetörténet
ember
Megjelent: Bp. Múlt és Jövő K. 1998
Sorozat:Múlt és Jövő könyvek
LEADER 00423nam a2200157 c 4500
001 bibPHI0035871
005 20200924123546.3
008 091112s1998 hu hun
100 1 |a Heller Ágnes 
245 1 2 |a A reneszánsz ember  |c Heller Ágnes 
260 |a Bp.  |b Múlt és Jövő K.  |c 1998 
300 |a 359 p. 
490 1 |a Múlt és Jövő könyvek 
695 |a eszmetörténet 
695 |a ember 
830 0 |a Múlt és Jövő könyvek